000 00912nam a2200253Ia 4500
003 OSt
005 20220926030402.0
006 a|||||r|||| 00| 0
007 ta
008 220923b |||||||| |||| 00| 0 eng d
020 _a9780691137537
_c936.95000000000005
037 _bRKBA\09-10\4128, 14/10/2010, RAJKIRAN BOOK AGENCY
_cGeneral Book
040 _aRTL
_cRTL
_beng
041 _2eng
_aeng
082 _aY:3(S:34), P7
100 _aFASSIN Didier
245 0 _aEmpire of Trauma
_b An inquiry into the condition of victimhood. Tr. by Rachel Gomme
260 _aPrincetion
_bPrincetion University Press
_c2009
300 _axii, 305p Bibliography: P 285-98
_ccm.
650 _aSociology
700 _a RECHTMAN Richard
_9334188
942 _hY:3(S:34), P7
_cGB
_2CC
999 _c649591
_d649591